[Event "Marijampole Buzas Memorial"]
[Site "Marijampole"]
[Date "2023.08.26"]
[Round "4"]
[White "Morkunas, Gustas"]
[Black "Auskalnis, Dovydas"]
[Result "1-0"]
[WhiteElo "2069"]
[BlackElo "1857"]
[PlyCount "71"]
[EventDate "2023.08.26"]
[EventType "swiss (rapid)"]
[EventRounds "9"]
[EventCountry "LTU"]
[SourceTitle "EXT 2024"]
[Source "ChessBase"]
[SourceDate "2023.10.10"]
[SourceVersion "1"]
[SourceVersionDate "2023.10.10"]
[SourceQuality "1"]

1. e4 e5 2. Nf3 Nc6 3. Bb5 f5 4. d3 fxe4 5. dxe4 Nf6 6. 0-0 Bc5 7. Qd3 Qe7 8. Nc3 h6 9. Nh4 Qf7 10. Bc4 Qh5 11. Nf5 Bf8 12. Nb5 Kd8 13. Be3 a6 14. Nc3 d6 15. Ng3 Qg6 16. f4 Ng4 17. Rad1 Nb4 18. Qd2 Nxe3 19. Qxe3 Nxc2 20. Qf2 Nd4 21. fxe5 dxe5 22. Bf7 Qg5 23. Rxd4+ exd4 24. Qxd4+ Bd7 25. e5 Kc8 26. Rd1 Qg4 27. Nge4 Be7 28. Nd5 Bd8 29. Rc1 Bc6 30. Nd6+ cxd6 31. Qxg4+ Kb8 32. exd6 Bg5 33. Rxc6 bxc6 34. Qb4+ Kc8 35. Be6+ Kd8 36. Qb6+ 1-0

[Event "LTU-chT"]
[Site "Lithuania"]
[Date "2023.04.21"]
[Round "4.2"]
[White "Auskalnis, Dovydas"]
[Black "Viskelis, Darius"]
[Result "1/2-1/2"]
[WhiteElo "1676"]
[BlackElo "2144"]
[PlyCount "219"]
[EventDate "2023.03.04"]
[EventType "team"]
[EventRounds "7"]
[EventCountry "LTU"]
[SourceTitle "EXT 2024"]
[Source "ChessBase"]
[SourceDate "2023.10.10"]
[SourceVersion "1"]
[SourceVersionDate "2023.10.10"]
[SourceQuality "1"]
[WhiteTeam "Vilnius 1482"]
[BlackTeam "Panevezio Gigant"]
[WhiteTeamCountry "LTU"]
[BlackTeamCountry "LTU"]

1. e4 e5 2. Nf3 Nf6 3. Nxe5 d6 4. Nf3 Nxe4 5. Nc3 Nf6 6. d4 Be7 7. h3 0-0 8. Bd3 a6 9. a4 b6 10. 0-0 Bb7 11. Re1 Re8 12. Ne2 Bxf3 13. gxf3 c5 14. Ng3 g6 15. f4 Nc6 16. c3 cxd4 17. Qf3 Qd7 18. Bd2 d5 19. f5 dxc3 20. bxc3 Ne4 21. fxg6 hxg6 22. Nxe4 dxe4 23. Rxe4 Rad8 24. Bc4 Bf8 25. Bg5 Qf5 26. Qxf5 gxf5 27. Rxe8 Rxe8 28. Bxa6 Bg7 29. Bb5 Re6 30. Be3 Nb4 31. Rd1 Bxc3 32. Rd8+ Kg7 33. Rc8 Be5 34. Bd7 Rg6+ 35. Kf1 f4 36. Bd2 Rd6 37. Bxb4 Rxd7 38. Ke2 Ra7 39. Bf8+ Kg6 40. Rc4 Kf5 41. f3 Ra8 42. Be7 Ke6 43. Bg5 Kd5 44. Rb4 Bd6 45. Rxb6 Rxa4 46. Bf6 Ra3 47. Rb2 Bc5 48. Bg7 Re3+ 49. Kf2 f6 50. Kg2 Ke6 51. Rc2 Re5 52. h4 Rh5 53. Kh3 Be7 54. Rc8 Kf7 55. Kg4 Rh7 56. Bh8 Rh6 57. h5 Bf8 58. Rc7+ Kg8 59. Bxf6 Rxf6 60. Kg5 Ra6 61. Rc8 Ra5+ 62. Kg6 Ra1 63. Kf5 Rh1 64. Kg6 Rh3 65. Rc3 Rg3+ 66. Kf5 Be7 67. Kxf4 Rg1 68. Rb3 Kf7 69. Rb5 Ke6 70. Re5+ Kf7 71. Rf5+ Bf6 72. Rb5 Rh1 73. Rb7+ Be7 74. Rb5 Rh4+ 75. Kg3 Ra4 76. f4 Ke6 77. Re5+ Kf6 78. Kg4 Ra1 79. Re3 Ra8 80. Re5 Kf7 81. h6 Rg8+ 82. Kh5 Rg1 83. Rf5+ Bf6 84. Rb5 Rh1+ 85. Kg4 Rh4+ 86. Kf3 Rxh6 87. Rb7+ Kg6 88. Rb8 Rh1 89. Kg4 Kf7 90. Rb7+ Be7 91. Kf5 Rh5+ 92. Kg4 Ra5 93. Rc7 Ke6 94. Rc6+ Bd6 95. Rc4 Kd5 96. Rc1 Bc5 97. Re1 Ra2 98. f5 Rg2+ 99. Kf3 Rf2+ 100. Kg4 Rg2+ 101. Kh5 Bd4 102. Re6 Be5 103. Kh6 Ke4 104. f6 Rh2+ 105. Kg7 Rg2+ 106. Kh8 Kf5 107. Rxe5+ Kxf6 108. Re1 Kf7 109. Rf1+ Kg6 110. Kg8 1/2-1/2

[Event "LTU-chT"]
[Site "Lithuania"]
[Date "2023.03.05"]
[Round "3.4"]
[White "Maciuitis, Ignas"]
[Black "Auskalnis, Dovydas"]
[Result "0-1"]
[WhiteElo "1765"]
[BlackElo "1676"]
[PlyCount "52"]
[EventDate "2023.03.04"]
[EventType "team"]
[EventRounds "7"]
[EventCountry "LTU"]
[SourceTitle "CBM 213 Extra"]
[Source "ChessBase"]
[SourceDate "2023.05.31"]
[SourceVersion "1"]
[SourceVersionDate "2023.05.31"]
[SourceQuality "1"]
[WhiteTeam "Plunge Bokstas"]
[BlackTeam "Vilnius 1482"]
[WhiteTeamCountry "LTU"]
[BlackTeamCountry "LTU"]

1. e4 e5 2. Nf3 Nc6 3. Bc4 Nf6 4. Ng5 d5 5. exd5 Nd4 6. c3 b5 7. cxd4 bxc4 8. 0-0 Nxd5 9. d3 Be7 10. Qa4+ Kf8 11. Qxc4 Bb7 12. Nf3 Nb6 13. Qc2 Bxf3 14. gxf3 exd4 15. Nd2 Qd5 16. Ne4 f5 17. Nd2 h5 18. Re1 Rh6 19. Qd1 Bd6 20. Nf1 Rg6+ 21. Kh1 Nd7 22. b3 Ne5 23. Nd2 Nxd3 24. Re2 Bb4 25. Ne4 fxe4 26. fxe4 Qxe4+ 0-1

[Event "LTU-ch Amateurs"]
[Site "Kaunas"]
[Date "2020.08.29"]
[Round "5"]
[White "Auskalnis, Dovydas"]
[Black "Paulauskas, Andrius"]
[Result "0-1"]
[WhiteElo "1675"]
[BlackElo "1916"]
[PlyCount "146"]
[EventDate "2020.08.27"]
[EventType "swiss"]
[EventRounds "7"]
[EventCountry "LTU"]
[SourceTitle "EXT 2022"]
[Source "ChessBase"]
[SourceDate "2021.10.06"]
[SourceVersion "1"]
[SourceVersionDate "2021.10.06"]
[SourceQuality "1"]

1. e4 e6 2. d4 d5 3. exd5 exd5 4. Bf4 Bd6 5. Qd2 Nc6 6. Nc3 Nf6 7. 0-0-0 0-0 8. f3 Nh5 9. Bxd6 Qxd6 10. g4 Nf4 11. h4 a6 12. Nh3 Nxh3 13. Rxh3 f5 14. g5 f4 15. Rh2 Bf5 16. Re2 b5 17. Rde1 Rad8 18. Nd1 Nb4 19. Re5 Nxa2+ 20. Kb1 Nb4 21. Rxf5 Rxf5 22. Bh3 Rf7 23. Be6 Nc6 24. h5 Re8 25. Bxf7+ Kxf7 26. g6+ hxg6 27. hxg6+ Kf8 28. Rh1 Re6 29. Nc3 Rxg6 30. Rh8+ Kf7 31. Rh5 Rg1+ 32. Ka2 Ne7 33. Re5 Ng6 34. Rxd5 Qe6 35. b3 b4 36. Rc5 bxc3 37. Rxc7+ Ne7 38. Qxf4+ Kg8 39. Rxc3 Qe1 40. Qb8+ Kf7 41. Qf4+ Kg6 42. Qe4+ Qxe4 43. fxe4 Re1 44. Rg3+ Kf7 45. e5 Re2 46. Kb2 Nf5 47. Rf3 Ke6 48. Rf4 g5 49. Rg4 Rxc2+ 50. Kb1 Rc6 51. Rxg5 Nxd4 52. Kb2 Kd5 53. Ka3 Ne6 54. Rh5 Rb6 55. b4 Nd4 56. Ka4 Nc6 57. Rh4 Kxe5 58. Rh5+ Kd6 59. Rh6+ Kc7 60. Rh7+ Kb8 61. Rh4 Rb5 62. Rf4 Kb7 63. Rh4 Kb6 64. Rf4 Rd5 65. Rf6 Rd4 66. Ka3 Re4 67. Rd6 Kc7 68. Rh6 Nxb4 69. Rh7+ Kb6 70. Rh8 Nc6 71. Rh3 Kb5 72. Rg3 Ne5 73. Rh3 Re3+ 0-1

[Event "LTU-ch Amateurs"]
[Site "Kaunas"]
[Date "2020.08.28"]
[Round "2"]
[White "Kalvaitis, Sigitas"]
[Black "Auskalnis, Dovydas"]
[Result "1-0"]
[WhiteElo "2180"]
[BlackElo "1675"]
[PlyCount "37"]
[EventDate "2020.08.27"]
[EventType "swiss"]
[EventRounds "7"]
[EventCountry "LTU"]
[SourceTitle "EXT 2022"]
[Source "ChessBase"]
[SourceDate "2021.10.06"]
[SourceVersion "1"]
[SourceVersionDate "2021.10.06"]
[SourceQuality "1"]

1. Nc3 e5 2. Nf3 Nc6 3. d4 exd4 4. Nxd4 d5 5. Bf4 a6 6. e4 Nf6 7. e5 Nxd4 8. Qxd4 Nh5 9. Be3 Be6 10. 0-0-0 c5 11. Qa4+ Bd7 12. Qb3 d4 13. Bc4 Be6 14. Bxe6 fxe6 15. g4 Qe7 16. Ne4 Qc7 17. Qxe6+ Be7 18. gxh5 h6 19. Nd6+ 1-0

[Event "Plunge op 36th"]
[Site "Plateliai"]
[Date "2016.07.21"]
[Round "6"]
[White "Simkunaite, Gabija"]
[Black "Auskalnis, Dovydas"]
[Result "1-0"]
[WhiteElo "1635"]
[BlackElo "1684"]
[PlyCount "58"]
[EventDate "2016.07.18"]
[EventType "swiss"]
[EventRounds "9"]
[EventCountry "LTU"]
[SourceTitle "EXT 2018"]
[Source "ChessBase"]
[SourceDate "2017.10.13"]
[SourceVersion "1"]
[SourceVersionDate "2017.10.13"]
[SourceQuality "1"]

1. e4 d5 2. exd5 Qxd5 3. Nc3 Qd6 4. Nf3 Nf6 5. d4 a6 6. Be2 Nc6 7. Be3 Bg4 8. 0-0 0-0-0 9. Ng5 Be6 10. Nxe6 Qxe6 11. Bf3 h5 12. a3 Qd6 13. Ne2 Kb8 14. c4 Ng4 15. Bf4 Qg6 16. h3 e5 17. Bg3 e4 18. Nf4 Qh7 19. Bxg4 hxg4 20. Qxg4 Nxd4 21. Nd5 Bd6 22. Bxd6 Rxd6 23. Rad1 Rg6 24. Qd7 Nf3+ 25. Kh1 f5 26. Qxc7+ Ka8 27. Nf4 Rc6 28. Rd8+ Ka7 29. Qb8+ Kb6 1-0

[Event "Plunge op 36th"]
[Site "Plateliai"]
[Date "2016.07.20"]
[Round "4"]
[White "Zalimaite, Ieva"]
[Black "Auskalnis, Dovydas"]
[Result "0-1"]
[WhiteElo "1762"]
[BlackElo "1684"]
[PlyCount "61"]
[EventDate "2016.07.18"]
[EventType "swiss"]
[EventRounds "9"]
[EventCountry "LTU"]
[SourceTitle "EXT 2018"]
[Source "ChessBase"]
[SourceDate "2017.10.13"]
[SourceVersion "1"]
[SourceVersionDate "2017.10.13"]
[SourceQuality "1"]

1. c4 Nf6 2. Nc3 g6 3. g3 Bg7 4. Bg2 0-0 5. d3 c6 6. e3 d5 7. cxd5 cxd5 8. Nge2 Nc6 9. 0-0 b6 10. b3 Ba6 11. Ba3 Re8 12. Rc1 Rc8 13. d4 e5 14. dxe5 Nxe5 15. Qd2 Nd3 16. Rb1 Ne4 17. Nxe4 dxe4 18. Rfd1 Qf6 19. Nf4 Rcd8 20. Nxd3 Bxd3 21. Rbc1 Bf1 22. Qe1 Bxg2 23. Kxg2 Qf3+ 24. Kg1 h5 25. Qf1 f5 26. Rxd8 Rxd8 27. Qg2 Qe2 28. Qf1 Qxa2 29. Qc4+ Kh7 30. Bb4 Qb2 31. Bc3 0-1

[Event "Klaipeda Sea op-B 12th"]
[Site "Klaipeda"]
[Date "2015.08.02"]
[Round "7"]
[White "Jablokov, Dmitrij"]
[Black "Auskalnis, Dovydas"]
[Result "1/2-1/2"]
[WhiteElo "1709"]
[BlackElo "1690"]
[PlyCount "52"]
[EventDate "2015.07.27"]
[EventType "swiss"]
[EventRounds "7"]
[EventCountry "LTU"]
[SourceTitle "CBM 167 Extra"]
[Source "ChessBase"]
[SourceDate "2015.09.14"]
[SourceVersion "1"]
[SourceVersionDate "2015.09.14"]
[SourceQuality "1"]

1. d4 Nf6 2. e3 g6 3. Nf3 Bg7 4. c4 0-0 5. Bd3 d6 6. 0-0 Re8 7. Nc3 e5 8. Be2 Nbd7 9. b4 a5 10. b5 Nb6 11. Bb2 Bg4 12. c5 exd4 13. exd4 Nbd5 14. cxd6 Qxd6 15. h3 Nxc3 16. Bxc3 Nd5 17. Bb2 Nf4 18. Bc4 Be6 19. Bxe6 Nxe6 20. Qd2 b6 21. Rac1 Qd5 22. a4 Rad8 23. Rfe1 Qb3 24. Qc2 Qd5 25. Qc6 Qb3 26. Qc2 Qd5 1/2-1/2

[Event "Klaipeda Sea op-B 12th"]
[Site "Klaipeda"]
[Date "2015.08.01"]
[Round "6"]
[White "Auskalnis, Dovydas"]
[Black "Kerpe, Mantas"]
[Result "1/2-1/2"]
[WhiteElo "1690"]
[BlackElo "1465"]
[PlyCount "116"]
[EventDate "2015.07.27"]
[EventType "swiss"]
[EventRounds "7"]
[EventCountry "LTU"]
[SourceTitle "CBM 167 Extra"]
[Source "ChessBase"]
[SourceDate "2015.09.14"]
[SourceVersion "1"]
[SourceVersionDate "2015.09.14"]
[SourceQuality "1"]

1. e4 c6 2. d4 d5 3. Nc3 dxe4 4. Nxe4 Bf5 5. Ng3 Bg6 6. h4 h6 7. h5 Bh7 8. Nf3 Nd7 9. Bd3 Bxd3 10. Qxd3 Ngf6 11. c4 e6 12. Bf4 Bb4+ 13. Kf1 0-0 14. a3 Ba5 15. Rd1 Bc7 16. Qd2 Bxf4 17. Qxf4 Nb6 18. b3 Qe7 19. Qc1 Rfd8 20. Kg1 c5 21. Rh4 cxd4 22. Rhxd4 Rxd4 23. Nxd4 Qc5 24. Nf3 Nxh5 25. b4 Nxg3 26. bxc5 Ne2+ 27. Kf1 Nxc1 28. cxb6 Nb3 29. Rb1 Na5 30. bxa7 Rxa7 31. Nd2 Nc6 32. Ne4 Rxa3 33. Rxb7 Nd4 34. g3 Ra1+ 35. Kg2 Rc1 36. Nd6 f6 37. Rc7 Nf5 38. Rc8+ Kh7 39. Nxf5 exf5 40. c5 Kg6 41. c6 f4 42. c7 fxg3 43. Kxg3 h5 44. Kh3 Kg5 45. Kg3 g6 46. Kf3 h4 47. Kg2 Rc4 48. Kh2 Kf5 49. Rh8 Rxc7 50. Rxh4 g5 51. Rb4 Rc5 52. Kg2 g4 53. Kg3 Rc3+ 54. Kg2 Kg5 55. Rb5+ f5 56. Rb8 Rc4 57. Rb5 Kf4 58. Rb8 Ra4 1/2-1/2

[Event "Klaipeda Sea op-B 12th"]
[Site "Klaipeda"]
[Date "2015.07.31"]
[Round "5"]
[White "Jurcius, Mantas"]
[Black "Auskalnis, Dovydas"]
[Result "0-1"]
[WhiteElo "1667"]
[BlackElo "1690"]
[PlyCount "60"]
[EventDate "2015.07.27"]
[EventType "swiss"]
[EventRounds "7"]
[EventCountry "LTU"]
[SourceTitle "CBM 167 Extra"]
[Source "ChessBase"]
[SourceDate "2015.09.14"]
[SourceVersion "1"]
[SourceVersionDate "2015.09.14"]
[SourceQuality "1"]

1. e4 d5 2. exd5 Qxd5 3. Nc3 Qd6 4. d4 Nf6 5. Nf3 h6 6. Be3 Nc6 7. Be2 Bg4 8. Qd2 e5 9. dxe5 Nxe5 10. Nxe5 Qxe5 11. Bxg4 Nxg4 12. 0-0-0 Bd6 13. Bd4 Qf5 14. Rhe1+ Kf8 15. h3 Nf6 16. Bxf6 gxf6 17. Re4 h5 18. Qe2 Rg8 19. Rd5 Be5 20. Qe3 Rxg2 21. f4 c6 22. Rc5 b6 23. Rxc6 Bxc3 24. Rxc3 Rg1+ 25. Qxg1 Qxe4 26. b3 Qxf4+ 27. Kb2 b5 28. Qc5+ Kg7 29. Qxh5 Qe5 30. a3 Qxh5 0-1

[Event "Klaipeda Sea op-B 12th"]
[Site "Klaipeda"]
[Date "2015.07.30"]
[Round "4"]
[White "Auskalnis, Dovydas"]
[Black "Zinovjev, Oleg"]
[Result "0-1"]
[WhiteElo "1690"]
[BlackElo "1426"]
[PlyCount "51"]
[EventDate "2015.07.27"]
[EventType "swiss"]
[EventRounds "7"]
[EventCountry "LTU"]
[SourceTitle "CBM 167 Extra"]
[Source "ChessBase"]
[SourceDate "2015.09.14"]
[SourceVersion "1"]
[SourceVersionDate "2015.09.14"]
[SourceQuality "1"]

1. e4 e6 2. d4 d5 3. exd5 exd5 4. Bf4 Bd6 5. Qd2 Nf6 6. Nc3 Bf5 7. 0-0-0 Nc6 8. f3 Qd7 9. g4 Bg6 10. Re1+ Be7 11. h4 h5 12. g5 Nh7 13. Bh3 Bf5 14. Bxf5 Qxf5 15. Be5 0-0-0 16. Bxg7 Rhg8 17. Be5 Nf8 18. Qh2 Ne6 19. Nh3 Rge8 20. Nb5 Rd7 21. Nf4 Nxe5 22. Nxe6 Nxf3 23. Ng7 Qg4 24. Qe2 Bxg5+ 25. Kb1 Rxe2 26. Rxe2 0-1

[Event "Plunge op 35th"]
[Site "Plateliai"]
[Date "2015.07.23"]
[Round "5"]
[White "Lukosius, Rimvydas"]
[Black "Auskalnis, Dovydas"]
[Result "1-0"]
[WhiteElo "1826"]
[BlackElo "1690"]
[PlyCount "71"]
[EventDate "2015.07.20"]
[EventType "swiss"]
[EventRounds "9"]
[EventCountry "LTU"]
[SourceTitle "EXT 2018"]
[Source "ChessBase"]
[SourceDate "2017.10.13"]
[SourceVersion "1"]
[SourceVersionDate "2017.10.13"]
[SourceQuality "1"]

1. e4 d5 2. exd5 Qxd5 3. Nc3 Qd6 4. d4 Nf6 5. Be2 a6 6. h3 Nc6 7. Nf3 Bf5 8. a3 Rd8 9. g4 Bg6 10. g5 Ne4 11. Be3 e5 12. dxe5 Nxe5 13. Qxd6 Bxd6 14. Nh4 Nxc3 15. Nxg6 hxg6 16. bxc3 Ke7 17. a4 Rhe8 18. Rb1 b6 19. f4 Nd7 20. Bxa6 Kf8 21. Kf2 Nc5 22. Bb5 Re7 23. Kf3 Ne4 24. Bc6 Nc5 25. Rbd1 Rb8 26. h4 f5 27. h5 Kf7 28. h6 Ne6 29. Bd5 c5 30. Bc4 Bc7 31. hxg7 Rg8 32. Rh7 Ree8 33. a5 bxa5 34. Bxc5 Bd8 35. Re1 Be7 36. Bd4 1-0

[Event "LTU-ch U18"]
[Site "Panevezys"]
[Date "2015.04.02"]
[Round "6"]
[White "Bucinskas, Lukas"]
[Black "Auskalnis, Dovydas"]
[Result "1-0"]
[WhiteElo "1767"]
[BlackElo "1642"]
[PlyCount "41"]
[EventDate "2015.03.30"]
[EventType "swiss"]
[EventRounds "7"]
[EventCountry "LTU"]
[SourceTitle "EXT 2017"]
[Source "ChessBase"]
[SourceDate "2016.10.25"]
[SourceVersion "1"]
[SourceVersionDate "2016.10.25"]
[SourceQuality "1"]

1. c4 Nf6 2. Nc3 g6 3. g3 Bg7 4. Bg2 e5 5. Nf3 Nc6 6. 0-0 0-0 7. d3 d6 8. Rb1 Bf5 9. e4 Be6 10. h3 Qd7 11. Kh2 Nh5 12. Ng5 f5 13. Nxe6 Qxe6 14. exf5 Qd7 15. fxg6 hxg6 16. Be4 Kf7 17. f4 exf4 18. Bxf4 Rh8 19. Bg2 Nf6 20. Bg5 Raf8 21. Nd5 1-0

[Event "LTU-ch U18"]
[Site "Panevezys"]
[Date "2015.04.01"]
[Round "4"]
[White "Jurcius, Modestas"]
[Black "Auskalnis, Dovydas"]
[Result "1/2-1/2"]
[WhiteElo "1547"]
[BlackElo "1642"]
[PlyCount "34"]
[EventDate "2015.03.30"]
[EventType "swiss"]
[EventRounds "7"]
[EventCountry "LTU"]
[SourceTitle "EXT 2017"]
[Source "ChessBase"]
[SourceDate "2016.10.25"]
[SourceVersion "1"]
[SourceVersionDate "2016.10.25"]
[SourceQuality "1"]

1. e4 e5 2. Nf3 Nf6 3. Nc3 Nc6 4. d4 exd4 5. Nxd4 Bb4 6. Nxc6 bxc6 7. Bd3 d5 8. exd5 cxd5 9. 0-0 0-0 10. Bg5 Bb7 11. Qf3 Be7 12. Rfe1 Rb8 13. Qh3 h6 14. Bxh6 gxh6 15. Qxh6 d4 16. Qg5+ Kh8 17. Qh6+ Kg8 1/2-1/2

[Event "Plunge op 34th"]
[Site "Plateliai"]
[Date "2014.07.17"]
[Round "6"]
[White "Auskalnis, Dovydas"]
[Black "Stauskas, Lukas"]
[Result "0-1"]
[WhiteElo "1650"]
[BlackElo "1795"]
[PlyCount "62"]
[EventDate "2014.07.14"]
[EventType "swiss"]
[EventRounds "9"]
[EventCountry "LTU"]
[SourceTitle "EXT 2015"]
[Source "ChessBase"]
[SourceDate "2014.11.20"]
[SourceVersion "1"]
[SourceVersionDate "2014.11.20"]
[SourceQuality "1"]

1. e4 c5 2. Nf3 d6 3. c3 Nf6 4. Be2 Nc6 5. d4 e6 6. Bg5 Be7 7. Nbd2 h6 8. Bxf6 Bxf6 9. dxc5 dxc5 10. 0-0 0-0 11. Nc4 Bd7 12. Qc2 Qc7 13. Rad1 Rfd8 14. Rd2 b5 15. Ne3 Ne5 16. Rfd1 Bc6 17. g3 Nxf3+ 18. Bxf3 Rxd2 19. Rxd2 Bg5 20. Re2 Rd8 21. Bg2 Bxe3 22. Rxe3 Qd7 23. f4 a5 24. Kf2 b4 25. e5 Bxg2 26. Kxg2 Qd5+ 27. Kf2 Qh1 28. Re2 Qxh2+ 29. Kf3 Qh1+ 30. Ke3 c4 31. Rf2 Rd3+ 0-1

[Event "Plunge op 34th"]
[Site "Plateliai"]
[Date "2014.07.17"]
[Round "5"]
[White "Beks, Edmunds"]
[Black "Auskalnis, Dovydas"]
[Result "1-0"]
[WhiteElo "1923"]
[BlackElo "1650"]
[PlyCount "95"]
[EventDate "2014.07.14"]
[EventType "swiss"]
[EventRounds "9"]
[EventCountry "LTU"]
[SourceTitle "EXT 2015"]
[Source "ChessBase"]
[SourceDate "2014.11.20"]
[SourceVersion "1"]
[SourceVersionDate "2014.11.20"]
[SourceQuality "1"]

1. e4 d5 2. exd5 Qxd5 3. Nc3 Qd6 4. d4 Nf6 5. Nf3 a6 6. Be2 Nc6 7. Be3 Bf5 8. a3 0-0-0 9. Qd2 e5 10. 0-0-0 exd4 11. Nxd4 Nxd4 12. Qxd4 Qxd4 13. Bxd4 Be7 14. Bc4 Bg6 15. f3 Rd7 16. Be5 Rhd8 17. Rxd7 Rxd7 18. g4 Bd6 19. Bxd6 Rxd6 20. Rd1 Rxd1+ 21. Kxd1 b5 22. Be2 Nd7 23. f4 f6 24. Nd5 Bf7 25. Ne7+ Kd8 26. Nc6+ Kc8 27. a4 Be6 28. Nd4 Bc4 29. axb5 Bxe2+ 30. Kxe2 axb5 31. Nxb5 Nb6 32. Nc3 Kd7 33. Kd3 Kd6 34. Nb5+ Kd7 35. Nd4 g6 36. c4 c6 37. b4 h6 38. f5 g5 39. Nb3 Ke7 40. Kd4 Nd7 41. Nd2 Ne5 42. h3 Kd6 43. Ne4+ Ke7 44. b5 cxb5 45. cxb5 Nd7 46. Kd5 Ne5 47. b6 Nd7 48. Kc6 1-0

[Event "LTU-ch U18"]
[Site "Panevezys"]
[Date "2014.03.26"]
[Round "3"]
[White "Auskalnis, Dovydas"]
[Black "Paulauskas, Andrius"]
[Result "1/2-1/2"]
[WhiteElo "1644"]
[BlackElo "1748"]
[PlyCount "98"]
[EventDate "2014.03.25"]
[EventType "swiss"]
[EventRounds "7"]
[EventCountry "LTU"]
[SourceTitle "CBM 159 Extra"]
[Source "ChessBase"]
[SourceDate "2014.04.24"]
[SourceVersion "1"]
[SourceVersionDate "2014.04.24"]
[SourceQuality "1"]

1. e4 e6 2. d4 d5 3. Nc3 Nf6 4. Bg5 Be7 5. e5 Nfd7 6. h4 a6 7. Qg4 h5 8. Bxe7 hxg4 9. Bxd8 Kxd8 10. Nge2 c5 11. 0-0-0 cxd4 12. Rxd4 Nxe5 13. Ng3 Nbc6 14. Rd1 f5 15. Nge2 Bd7 16. Na4 Ke7 17. g3 Raf8 18. Nc5 Bc8 19. Bg2 Kd6 20. Nb3 Bd7 21. Rhe1 a5 22. Nf4 a4 23. Nd4 Rc8 24. Nb5+ Ke7 25. Nc3 Ra8 26. Ncxd5+ exd5 27. Ng6+ Kf6 28. Nxh8 Rxh8 29. Bxd5 Be6 30. a3 Bxd5 31. Rxd5 Re8 32. Rd6+ Re6 33. Rxe6+ Kxe6 34. Kd2 Kd5 35. Kc3 Nd4 36. Rd1 Nec6 37. b4 Ke4 38. Rd2 b5 39. Rd3 f4 40. gxf4 Kxf4 41. Rxd4+ Nxd4 42. Kxd4 Kf3 43. c4 Kxf2 44. cxb5 g3 45. b6 g2 46. b7 g1Q 47. b8Q Qa1+ 48. Kc5 Qxa3 49. Qh2+ Kf1 1/2-1/2

[Event "Plateliai op 23rd"]
[Site "Plateliai"]
[Date "2013.07.19"]
[Round "7"]
[White "Karlinski, Lukas"]
[Black "Auskalnis, Dovydas"]
[Result "1-0"]
[WhiteElo "1478"]
[BlackElo "1662"]
[PlyCount "59"]
[EventDate "2013.07.15"]
[EventType "swiss"]
[EventRounds "9"]
[EventCountry "LTU"]
[SourceTitle "EXT 2014"]
[Source "ChessBase"]
[SourceDate "2013.11.20"]
[SourceVersion "1"]
[SourceVersionDate "2013.11.20"]
[SourceQuality "1"]

1. e4 d5 2. exd5 Nf6 3. Nf3 Nxd5 4. Bc4 Nb6 5. Bb3 Bf5 6. 0-0 e6 7. Nc3 Bd6 8. d3 0-0 9. Re1 Nc6 10. a3 Bg4 11. Be3 Ne5 12. Ne4 Nxf3+ 13. gxf3 Bh3 14. f4 Nd5 15. Qh5 Nxe3 16. fxe3 Bf5 17. Ng3 Bg6 18. Qf3 Qh4 19. Re2 Qh3 20. Rf1 Be7 21. Qxb7 Bh4 22. Rg2 Rfb8 23. Qa6 Rb6 24. Qc4 Rab8 25. e4 f6 26. Qxc7 R6b7 27. Qc4 Bf7 28. Qc5 Rb5 29. Qxa7 Re8 30. Ba4 1-0

[Event "Plateliai op 23rd"]
[Site "Plateliai"]
[Date "2013.07.18"]
[Round "5"]
[White "Voronov, Vadim"]
[Black "Auskalnis, Dovydas"]
[Result "1-0"]
[WhiteElo "1872"]
[BlackElo "1662"]
[PlyCount "63"]
[EventDate "2013.07.15"]
[EventType "swiss"]
[EventRounds "9"]
[EventCountry "LTU"]
[SourceTitle "EXT 2014"]
[Source "ChessBase"]
[SourceDate "2013.11.20"]
[SourceVersion "1"]
[SourceVersionDate "2013.11.20"]
[SourceQuality "1"]

1. e4 c5 2. Nf3 d6 3. d4 cxd4 4. Nxd4 g6 5. c4 Bg7 6. Nc3 Bd7 7. Be3 Nc6 8. Qd2 a6 9. Nd5 Nf6 10. Nxc6 Bxc6 11. Bb6 Qd7 12. Nc7+ Kf8 13. Nxa8 Nxe4 14. Qc2 Ng5 15. h4 Ne6 16. 0-0-0 f5 17. h5 Be4 18. Bd3 Bxg2 19. Rhg1 Nf4 20. Be3 Nxd3+ 21. Qxd3 Be4 22. Qb3 b5 23. c5 Bxa8 24. hxg6 hxg6 25. Rxg6 f4 26. Rxg7 Kxg7 27. Bd4+ e5 28. Bxe5+ Kf8 29. Bxh8 Be4 30. Rxd6 Qg4 31. Rf6+ Ke7 32. Qf7+ 1-0

[Event "Plateliai op 23rd"]
[Site "Plateliai"]
[Date "2013.07.16"]
[Round "3"]
[White "Velioniskis, Robertas"]
[Black "Auskalnis, Dovydas"]
[Result "1-0"]
[WhiteElo "1980"]
[BlackElo "1662"]
[PlyCount "61"]
[EventDate "2013.07.15"]
[EventType "swiss"]
[EventRounds "9"]
[EventCountry "LTU"]
[SourceTitle "EXT 2014"]
[Source "ChessBase"]
[SourceDate "2013.11.20"]
[SourceVersion "1"]
[SourceVersionDate "2013.11.20"]
[SourceQuality "1"]

1. d4 Nf6 2. c4 g6 3. Nc3 d5 4. cxd5 Nxd5 5. Bd2 Bg7 6. e4 Nb6 7. Be3 Nc6 8. d5 Ne5 9. f4 Ng4 10. Bb5+ Kf8 11. Bd4 Nf6 12. Nf3 a6 13. Be2 e6 14. Bxb6 cxb6 15. d6 b5 16. e5 Ng4 17. Qd4 Nh6 18. 0-0 Nf5 19. Qf2 Bd7 20. g4 Nh6 21. Nd4 Rc8 22. Bf3 Kg8 23. Rac1 Qb6 24. Nce2 Qd8 25. Qg2 Rb8 26. Rc7 Bc8 27. Rfc1 f6 28. Bxb7 Bxb7 29. Rxb7 Rc8 30. Rxg7+ Kxg7 31. Nxe6+ 1-0

[Event "Plateliai op 23rd"]
[Site "Plateliai"]
[Date "2013.07.15"]
[Round "1"]
[White "Malinin, Yuri"]
[Black "Auskalnis, Dovydas"]
[Result "1-0"]
[WhiteElo "2296"]
[BlackElo "1662"]
[PlyCount "114"]
[EventDate "2013.07.15"]
[EventType "swiss"]
[EventRounds "9"]
[EventCountry "LTU"]
[SourceTitle "EXT 2014"]
[Source "ChessBase"]
[SourceDate "2013.11.20"]
[SourceVersion "1"]
[SourceVersionDate "2013.11.20"]
[SourceQuality "1"]

1. d4 Nf6 2. c4 g6 3. Nc3 d5 4. Nf3 Bg7 5. Bg5 Ne4 6. cxd5 Nxc3 7. bxc3 Qxd5 8. e3 Bg4 9. Be2 Nd7 10. Bh4 Nf6 11. 0-0 0-0 12. h3 Bf5 13. Ne5 Rae8 14. g4 Bc8 15. Bf3 Qd8 16. Qb3 c6 17. Rad1 Qa5 18. Bg3 h5 19. g5 Nd5 20. c4 Nc7 21. h4 Ne6 22. Bg2 Rd8 23. Qc2 Nc7 24. c5 Nd5 25. Nc4 Qc3 26. Qe2 Qb4 27. Qd3 Bf5 28. e4 Nc3 29. a3 Qb3 30. Rb1 Rxd4 31. Rxb3 Rxd3 32. Rxb7 Nxe4 33. Bxe4 Bxe4 34. Rxe7 Bd5 35. Ne3 Bf3 36. Rxa7 Bd4 37. Bd6 Re8 38. a4 Rd2 39. Re1 Re4 40. Rb1 Bxe3 41. Rb8+ Kg7 42. Bf8+ Kh7 43. Rxf7+ Kg8 44. Rxf3 Rd1+ 45. Kg2 Rg4+ 46. Rg3 Rd2 47. Bd6+ Kg7 48. Rb7+ Kg8 49. Rb8+ Kg7 50. Rxg4 Rxf2+ 51. Kg3 hxg4 52. Kxg4 Ra2 53. Kf3 Ra3 54. Be5+ Kf7 55. Bb2 Rxa4 56. Kxe3 Rxh4 57. Rc8 Rh3+ 1-0